03737 2201201 4500001002100000005001500021035002000036008004100056020001800097041000800115082001200123084001800135100001800153245004100171260003600212300003500248504001400283520048700297650002900784650003800813650003300851250001100884990002400895990002400919990002400943990002400967990001000991990001001001990002401011990002401035990002401059990002401083990002401107990002401131990001001155990001001165990002401175990002401199990002401223990002401247990002401271990002401295990001001319990001001329990002401339990002401363990002401387990002401411990002401435990002401459990001001483990001001493990002401503990002401527990002401551990002401575990002401599990002401623990001001647990001001657990002401667990002401691990002401715990002401739990002401763990002401787990002401811990001001835990001001845990002401855990001001879990002401889990002401913990002401937990002401961990001001985990002401995990002402019990001002043990002402053990002402077990002402101990002402125990001002149990002402159990002402183990002402207990002402231990002402255990002402279990002402303990001002327990001002337990002402347990002402371990002402395990002402419990002402443990002402467990001002491990001002501990002402511INLIS00000000000792920221102102743 a0010-0520007929221102 g 0 ind  a9789790072947 aind a343.072 a343.072 SUY h0 aSuyud Margono1 aHukum anti monopoli /cSuyud Margono aJakarta :bSinar Grafika,c2009 axvi, 269p. :b:ilus. ;c23 cm. ap.213-216 aBuku ini membahas tentang: relevansi hukum anti monopoli (masalah monopoli dan konglomerasi di Indonesia); hukum anti monopoli sebagai kebutuhan dan public policy; perbandingan hukum anti monopoli dari beberapa negara; jenis praktik bisnis curang dalam anti monopoli; perjanjian yang dilarang dalam anti monopoli; kegiatan yang dilarang dalam anti monopoli; posisi dominan yang dilarang dalam anti monopoli; penegakan hukum anti monopoli; serta dampak implementasi UU Anti Monopoli. 4aMonopolies -- Indonesia. 4aCompetition, Unfair -- Indonesia. 4aCommercial law -- Indonesia. aCet. 2 a18099/MKRI-P/X-2010 a18100/MKRI-P/X-2010 a18101/MKRI-P/X-2010 a18102/MKRI-P/X-2010 a26235 a26236 a26237/MKRI-P/V-2017 a26238/MKRI-P/V-2017 a18102/MKRI-P/X-2010 a18099/MKRI-P/X-2010 a18100/MKRI-P/X-2010 a18101/MKRI-P/X-2010 a26235 a26236 a26237/MKRI-P/V-2017 a26238/MKRI-P/V-2017 a18099/MKRI-P/X-2010 a18100/MKRI-P/X-2010 a18101/MKRI-P/X-2010 a18102/MKRI-P/X-2010 a26235 a26236 a26237/MKRI-P/V-2017 a26238/MKRI-P/V-2017 a18100/MKRI-P/X-2010 a18099/MKRI-P/X-2010 a18101/MKRI-P/X-2010 a18102/MKRI-P/X-2010 a26235 a26236 a26237/MKRI-P/V-2017 a26238/MKRI-P/V-2017 a18101/MKRI-P/X-2010 a18099/MKRI-P/X-2010 a18100/MKRI-P/X-2010 a18102/MKRI-P/X-2010 a26235 a26236 a26237/MKRI-P/V-2017 a26238/MKRI-P/V-2017 a26238/MKRI-P/V-2017 a18099/MKRI-P/X-2010 a18100/MKRI-P/X-2010 a18101/MKRI-P/X-2010 a18102/MKRI-P/X-2010 a26235 a26236 a26237/MKRI-P/V-2017 a26235 a18099/MKRI-P/X-2010 a18100/MKRI-P/X-2010 a18101/MKRI-P/X-2010 a18102/MKRI-P/X-2010 a26236 a26237/MKRI-P/V-2017 a26238/MKRI-P/V-2017 a26236 a18099/MKRI-P/X-2010 a18100/MKRI-P/X-2010 a18101/MKRI-P/X-2010 a18102/MKRI-P/X-2010 a26235 a26237/MKRI-P/V-2017 a26238/MKRI-P/V-2017 a26237/MKRI-P/V-2017 a18099/MKRI-P/X-2010 a18100/MKRI-P/X-2010 a18101/MKRI-P/X-2010 a18102/MKRI-P/X-2010 a26235 a26236 a26238/MKRI-P/V-2017 a26237/MKRI-P/V-2017 a18099/MKRI-P/X-2010 a18100/MKRI-P/X-2010 a18101/MKRI-P/X-2010 a18102/MKRI-P/X-2010 a26235 a26236 a26238/MKRI-P/V-2017